Логическая структура учебного материала. Вопросы дидактического анализа

Bibliografische gegevens
Hoofdauteur: Сохор А. М. Арон Михайлович
Taal:Russisch
Gepubliceerd in: Москва, Педагогика, 1974
Onderwerpen:
Formaat: Boek
KOHA link:https://koha.lib.tpu.ru/cgi-bin/koha/opac-detail.pl?biblionumber=99200

MARC

LEADER 00000nam0a2200000 4500
001 99200
005 20231101214232.0
035 |a (RuTPU)RU\TPU\book\106424 
090 |a 99200 
100 |a 20060629d1974 m y0rusy50 ca 
101 0 |a rus 
102 |a RU 
105 |a y z 001zy 
200 1 |a Логическая структура учебного материала. Вопросы дидактического анализа 
210 |a Москва  |c Педагогика  |d 1974 
215 |a 192 с.  |c ил. 
320 |a Библиогр.: с. 176-190. 
606 1 |a Дидактика  |x Теория  |2 stltpush  |3 (RuTPU)RU\TPU\subj\9459  |9 36703 
610 1 |a логическая структура 
610 1 |a учебные материалы 
610 1 |a дидактика 
610 1 |a дидактический анализ 
610 1 |a выводы 
675 |a 371.01  |v 3 
686 |a Ч312  |2 rubbk 
700 1 |a Сохор  |b А. М.  |g Арон Михайлович 
801 1 |a RU  |b 63413507  |c 20060629  |g PSBO 
801 2 |a RU  |b 63413507  |c 20190409  |g PSBO 
942 |c BK